000 01090cam a2200337 a 4500
001 data
005 20260322212121.0
008 data
035 _a526036
906 _a7
_bcbc
_corignew
_d2
_encip
_f19
_gy-gencatlg
925 0 _aacquire
_b2 shelf copies
_xpolicy default
010 _a 86198848
020 _a0938859005
_qpbk.
020 _a9780938859000
_q(pbk.)
035 _9(DLC) 86198848
040 _aDLC
_cDLC
_dDLC
050 0 0 _aG151
_b.R65 1986
082 0 0 _a380.1/459104
_219
100 1 _aRogers, William H.
_q(William Haynes),
_d1946-
245 1 0 _aInside the travel industry :
_bthe consumers guide to travel /
_cby William H. Rogers.
260 _aArlington, Tex., U.S.A. :
_bInternational Consumer Pub. Co.,
_cc1986.
300 _a127 p. ;
_c22 cm.
336 _atext
_btxt
_2rdacontent
337 _aunmediated
_bn
_2rdamedia
338 _avolume
_bnc
_2rdacarrier
650 0 _aTravel.
650 0 _aTravel agents.
650 0 _aAir travel.
991 _bc-GenColl
_hG151
_i.R65 1986
_tCopy 1
_wBOOKS
999 _c1855
_d1855